Normale Ansicht MARC-Ansicht ISBD

Rituals of Islamic Monarchy : (Titelsatznr. 73741)

[ MARC ]
MARC-Details
000 -Satzkennung
Kontrollfeld mit fester Länge 03864nam a22004093i 4500
001 - Kontrollnummer
Kontrollfeld EBC448741
003 - Kontrollnummer Identifier
Kontrollfeld MiAaPQ
005 - Datum und Zeit der letzten Transaktion
Kontrollfeld 20260217165456.0
007 - Feld mit fester Länge zur physischen Beschreibung - Allgemeine Information
Kontrollfeld mit fester Länge cr cnu||||||||
008 - Feld mit fester Länge zur physischen Beschreibung - Allgemeine Angaben
Kontrollfeld mit fester Länge 260217s2009 xx o ||||0 eng d
020 ## - Internationale Standardbuchnummer
Internationale Standardbuchnummer 9780748630776
Nähere Angaben (electronic bk.)
020 ## - Internationale Standardbuchnummer
Gelöschte/ungültige ISBN 9780748625123
040 ## - Katalogisierungsquelle
Original-Katalogisierungsstelle MiAaPQ
Katalogisierungssprache eng
Übertragungsstelle MiAaPQ
100 1# - Haupteintragung - Personenname
Personenname Marsham, Andrew.
Koha-Normdatenidentnummer 68456
245 10 - Titel
Titel Rituals of Islamic Monarchy :
Zusatz zum Titel Accession and Succession in the First Muslim Empire.
250 ## - Ausgabebezeichnung
Ausgabebezeichnung 1st ed.
264 #1 - Produktion, Veröffentlichung, Distribution, Herstellung und Urheberrechtsvermerk
Herstellungs-, Veröffentlichungs- Vertriebs-, Erzeugungsort Edinburgh :
Produzent, Herausgeber, Distributor, Hersteller Edinburgh University Press,
Datum der Herstellung, der Veröffentlichung, des Vertriebs oder des Urheberschutzvermerks 2009.
264 #4 - Produktion, Veröffentlichung, Distribution, Herstellung und Urheberrechtsvermerk
Datum der Herstellung, der Veröffentlichung, des Vertriebs oder des Urheberschutzvermerks ©2009.
300 ## - Physische Beschreibung
Umfang 1 online resource (361 pages)
336 ## - Inhaltstyp
Inhaltstypterm Text
Inhaltstypcode txt
Quelle rdacontent
337 ## - Medientyp
Bezeichnung des Medientyps Computermedien
Medientypcode c
Quelle rdamedia
338 ## - Datenträgertyp
Datenträgertypbezeichnung Online Resource
Datenträgertypcode cr
Quelle rdacarrier
341 0# -
-- Unknown accessibility
-- onix
341 0# -
-- No known hazards or warnings
-- onix
500 ## - Allgemeine Fußnote
Allgemeine Fußnote E-Book-ProQuest / Fernzugriff nach Registrierung möglich
505 0# - Fußnote zu strukturierten Inhaltsangaben
Fußnote zu strukturierten Inhaltsangaben Cover -- Copyright -- Contents -- Maps and figures -- Acknowledgements -- Introduction -- Part I Late Antique Arabiaand Early Islam (C. 550-C. 660) -- Introduction -- Chapter 1 Alliance and allegiance in pre-Islamic Arabia -- Chapter 2 The verb bayaʿa in the Qurʼan: Allegiance to Muhammad -- Chapter 3 The oath of allegiance in the 'conquest society' (C. 628-C. 660) -- Part II The Umayyad Caliphate (C. 660-750) -- Introduction -- Chapter 4 Sufyanid accession and succession, C. 660-683 -- Chapter 5 The oath of allegiance in the early tradition and poetry, C. 680-C. 710 -- Chapter 6 The Marwanid patrimony and dynastic succession -- Chapter 7 Marwanid rituals of accession and succession -- Chapter 8 Writing and the bayʿa in the Marwanid period -- Chapter 9 The quranic content of the Marwanid documents -- Part III The Early Abbasid Caliphate (C. 750-809) -- Introduction -- Chapter 10 The consolidation of Abbasid power: al-Mansur and al-Mahdı (754-785) -- Chapter 11 The caliphates of Musa al-Hadi (785-786) and Harun al-Rashid (786-809) -- Chapter 12 'Dispositive documents' for the early Abbasid succession -- Part IV The Middle Abbasid Caliphate (809-865) -- Introduction -- Chapter 13 From the civil war to Samarra (809-847) -- Chapter 14 The caliphate of al-Mutawakkil (847-861) -- Chapter 15 The outbreak of the second ninth centurycivil war (861-865) -- Chapter16 Abbasid documents for caliphal accession -- Conclusion -- Genealogical Tables -- Bibliography -- index.
520 ## - Fußnote zu Zusammenfassungen usw.
Fußnote zur Zusammenfassung usw. A history of the ceremony of the oath of allegiance to the caliph from the time of the Prophet Muhammad until the fragmentation of the caliphate in the late 9th and 10th centuries.Blurb by author:Rituals of Islamic Monarchy is the first full-length study of the rituals by which the caliphs were made rulers of the early Muslim empire. It is an original contribution to scholarship on early Islam and the Middle East, which gives important insights into the formation of classical Islamic culture and civilisation. It clearly sets out the particular evidential problems of early Islamic history and identifies strategies for overcoming them. It also engages with the problem of how Islamic history relates to the history of the pre-Islamic Middle East, arguing for the importance of the pre-Islamic, Arabian context of early Islam, as well as a wider perspective that takes in the legacy of the pre-Islamic empires of Rome and Iran.
653 ## - Indexierungsterm - Nicht normiert
Nicht-normierter Term Caliphate.
653 ## - Indexierungsterm - Nicht normiert
Nicht-normierter Term Islam -- Rituals -- History.
655 ## - Indexierungsterm - Genre/Form
Genre/Form oder fokussierter Term Fernzugriff
Koha-Normdatenidentnummer 230
655 #4 - Indexierungsterm - Genre/Form
Genre/Form oder fokussierter Term
776 08 - Andere physische Form
Verweisungsphrase Print version:
Haupteintragung Marsham, Andrew
Titel Rituals of Islamic Monarchy
Ort, Verlag und Erscheinungsjahr Edinburgh : Edinburgh University Press,c2009
Internationale Standardbuchnummer 9780748625123
856 40 - Elektronische Adresse und Zugriff
URL <a href="https://ebookcentral.proquest.com/lib/maxweberstiftung-ebooks/detail.action?docID=448741">https://ebookcentral.proquest.com/lib/maxweberstiftung-ebooks/detail.action?docID=448741</a>
OPAC-Notiz Volltext
942 ## - Zusätzliche Felder (Koha)
Koha-Medientyp E-Books
Exemplare
Ausgeschieden Verloren Klassifikation oder Aufstellungssystematik Beschädigt Nicht entleihbar Heimatbibliothek Aufenthaltsbibliothek Aufstellungsort Erwerbungsdatum Inventarnummer Signatur Barcode Letzte Aktivität Preis gültig von Koha-Medientyp
    Andere/Generische Klassifikation     MWN Osteuropa MWN Osteuropa Online-Ressource 17/02/2026 26-e00128 E-26-e00128 76667 17/02/2026 17/02/2026 E-Books